Erfolgreichste Filme der 2010er - Statistiken

Allgemein
  • Dieses Quiz wurde 446 mal gespielt
  • Das Durchschnittsergebnis liegt bei 13 aus 20
Antwortstatistiken
Zuschauer Beschreibung Film % Korrekt
9.071.575 Galaktische Rebellen müssen zum dritten Mal eine riesige Raumstation in die Luft jagen Star Wars: Das Erwachen der Macht
90%
5.248.685 In einer gewaltigen Schlacht entscheidet sich das Schicksal der gesamten Galaxis Star Wars: Der Aufstieg Skywalkers
90%
5.916.695 Galaktische Rebellen sind auf der Flucht vor der neu-imperialen Flotte Star Wars: Die letzten Jedi
90%
6.499.514 Junger Zauberer besiegt den mächtigsten Magier der Welt bei einer Schlacht um seine Schule Harry Potter und die Heiligtümer des Todes Teil 2
84%
9.165.192 Ein reicher Rollstuhlfahrer freundet sich mit seinem Pfleger aus der Unterschicht an Ziemlich beste Freunde
84%
5.862.455 Drei junge Zauberer suchen die Stücke der Seele eines mächtigen dunklen Magiers Harry Potter und die Heiligtümer des Todes Teil 1
83%
6.945.769 Drei gelbe Einzeller suchen nach dem ultimativen Boss Minions
75%
5.660.105 Jungtier muss seinen bösen Onkel besiegen, um Herrscher des Geweihten Landes zu werden Der König der Löwen
71%
7.825.760 Agent muss seine Chefin vor einem bösen Ex-Agenten beschützen Skyfall
68%
6.700.208 Eine Gruppe Steinzeittiere muss sich mit Piraten herumschlagen Ice Age 4
67%
7.089.386 Agent untersucht eine böse Geheimorganisation und trifft dabei auf einen alten Bekannten Spectre
67%
6.689.410 Ein Kleinwüchsiger begleitet eine Gruppe Zwerge zu ihrem Berg Der Hobbit: Eine unerwartete Reise
65%
6.098.029 Ein Kleinwüchsiger und eine Gruppe Zwerge vertreiben einen Drachen aus ihrem Berg Der Hobbit: Smaugs Einöde
65%
5.132.555 Superhelden reisen in der Zeit zurück, um den größten Massenmord der Galaxis zu verhindern Avengers: Endgame
63%
7.274.964 Ein dementer Mann reist mit seiner Enkelin nach Italien Honig im Kopf
59%
7.411.899 Ex-Knacki muss sich mit einer Klasse von Chaoten rumschlagen Fack Ju Göhte
57%
7.734.265 Lehrer geht mit seiner chaotischen Klasse auf eine Klassenfahrt nach Südostasien Fack Ju Göhte 2
57%
6.108.116 Für eine Chaoten-Klasse und ihrem Lehrer steht das Abi an Fack Ju Göhte 3
57%
6.785.844 Eine zaubernde Königin deckt das schreckliche Geheimnis ihrer Vorfahren auf Die Eiskönigin II
29%
5.290.680 Telefonate und SMS führen bei einer Gruppe Freunde zum Chaos Das perfekte Geheimnis
22%
Keine übereinstimmenden Quizze gefunden
Verteilung der Resultate
Anzahl Personen mit jedem Resultat
Perzentil nach korrekt beantworteten Fragen
Ihre Resultats-Entwicklung
Sie haben dieses Quiz noch nicht gespielt